00514nam a2200181Ia 4500008004100000041001200041082000800053082001100061100004600072100001300118245007900131260001400210260004300224260000900267300001500276365002500291650001600316150909s9999 xx 000 0 und d aEnglish a630 bMIN/RE aMinistry of Agriculture And Irrigation  eCompiler aReport of the national commission on agriculture 1976: review and progress aNew Delhi bMinistry of Agriculture and Irrigation c1976 a494 Pages aRs .123.5  aAgriculture